Agriculture in Africa rural communities (Record no. 83856)
[ view plain ]
| 000 -LEADER | |
|---|---|
| fixed length control field | 00799nam a2200193 a 4500 |
| 008 - FIXED-LENGTH DATA ELEMENTS--GENERAL INFORMATION | |
| fixed length control field | 120416s2003 ||||||||||||||||| || u |
| 020 ## - INTERNATIONAL STANDARD BOOK NUMBER | |
| International Standard Book Number | 2871500606 |
| 050 ## - LIBRARY OF CONGRESS CALL NUMBER | |
| Classification number | HD 1476.A42 Dup |
| 100 ## - MAIN ENTRY--PERSONAL NAME | |
| Personal name | Dupriez, Hugues |
| 245 10 - TITLE STATEMENT | |
| Title | Agriculture in Africa rural communities |
| 246 ## - | |
| -- | crops and soils |
| 260 ## - PUBLICATION, DISTRIBUTION, ETC. | |
| Place of publication, distribution, etc. | The Netherlands |
| Name of publisher, distributor, etc. | CTA |
| Date of publication, distribution, etc. | 2003 |
| 300 ## - PHYSICAL DESCRIPTION | |
| Extent | ix, 294p. : ill. |
| 350 ## - | |
| -- | 0.00 |
| 650 ## - SUBJECT ADDED ENTRY--TOPICAL TERM | |
| Topical term or geographic name entry element | AGRICULTURE |
| 650 ## - SUBJECT ADDED ENTRY--TOPICAL TERM | |
| Topical term or geographic name entry element | FIELD CROPS--AFRICA--RURAL DEVELOPMENT |
| 995 ## - | |
| -- | MAIN LIBRARY OPEN ACCESS |
| -- | 0.00 |
| -- | 734919 |
| -- | CBU-MAIN LIBRARY (Kitwe) |
| -- | 2 |
| -- | 35.00 |
| -- | HD 1476.A42 Dup |
| -- | 2 |
| -- | AVAILABLE |
| -- | 38385 |
| -- | Main Library Open Access Collection |
| 995 ## - | |
| -- | MAIN LIBRARY OPEN ACCESS |
| -- | 0.00 |
| -- | 734920 |
| -- | CBU-MAIN LIBRARY (Kitwe) |
| -- | 1 |
| -- | 35.00 |
| -- | HD 1476.A42 Dup |
| -- | 1 |
| -- | AVAILABLE |
| -- | 38384 |
| -- | Main Library Open Access Collection |
| 999 ## - | |
| -- | 83856 |
| -- | 83856 |
| Withdrawn status | Lost status | Source of classification or shelving scheme | Damaged status | Not for loan | Permanent Location | Current Location | Shelving location | Date acquired | Total Checkouts | Full call number | Barcode | Date last seen | Copy number | Price effective from | Koha item type |
|---|---|---|---|---|---|---|---|---|---|---|---|---|---|---|---|
| CBU-MAIN LIBRARY, KITWE. | CBU-MAIN LIBRARY, KITWE. | 01/08/2024 | HD 1476.A42 Dup | 38385 | 01/08/2024 | 1 | 01/08/2024 | MONOGRAPH | |||||||
| CBU-MAIN LIBRARY, KITWE. | CBU-MAIN LIBRARY, KITWE. | 01/08/2024 | HD 1476.A42 Dup | 38384 | 01/08/2024 | 2 | 01/08/2024 | MONOGRAPH |